000 00862nam a2200181 a 4500
008 080109s1989 ||||||||||||||||| || u
020 _a071313688x
050 _aQA 76.9.D26 How
100 _aHowe, D. R
245 1 0 _aData analysis for data base design
250 _a2nd ed.
260 _aLondon
_bE.Arnold
_c1989
300 _aix, 317p. : ill.
350 _a0.00
995 _D0.00
_FCBU-MAIN LIBRARY (Kitwe)
_H2
_I14.99
_M1
_UAVAILABLE
_ZAnnex Low-Usage Collection
995 _D0.00
_FCBU-MAIN LIBRARY (Kitwe)
_H1
_I14.99
_M3
_UAVAILABLE
_ZMain Library Open Access Collection
995 _D0.00
_FCBU-MAIN LIBRARY (Kitwe)
_H3
_I14.99
_M2
_UAVAILABLE
_ZMain Library Open Access Collection
999 _c62673
_d62673